000 00379nam a2200157Ia 4500
999 _c31462
_d31462
003 OSt
005 20250617095030.0
008 250310s9999||||xx |||||||||||||| ||und||
040 _c.
082 _a823
_bL4191
100 _94568
_aLawrence, D. H.
245 0 _aSelected Novels /
_cD. H. Lawrence
260 _aCalcutta :
_bRupa & Co.
_c1989.
300 _a907 p.
942 _cBK
_2ddc